Traité pratique des chemins de fer / (Record no. 168001)
[ view plain ]
| 000 -LEADER | |
|---|---|
| campo de control de longitud fija | 00712nam a22001695i 4500 |
| 001 - NÚMERO DE CONTROL | |
| campo de control | 168001 |
| 003 - IDENTIFICADOR DE NÚMERO DE CONTROL | |
| campo de control | ES-MaACL |
| 005 - FECHA Y HORA DE LA ÚLTIMA TRANSACCIÓN | |
| campo de control | 20230906213643.0 |
| 008 - DATOS DE LONGITUD FIJA--INFORMACIÓN GENERAL | |
| campo de control de longitud fija | 981002s1834 fr |||| | fre d |
| 040 ## - FUENTE DE CATALOGACIÓN | |
| Centro catalogador/agencia de origen | AS |
| Lengua de catalogación | spa |
| Centro/agencia transcriptor | CCPB | 3D |
| 100 1# - ENTRADA PRINCIPAL--NOMBRE DE PERSONA | |
| Nombre de persona | Wood, Nicholas. |
| 9 (RLIN) | 133963 |
| 245 10 - MENCIÓN DEL TÍTULO | |
| Título | Traité pratique des chemins de fer / |
| Mención de responsabilidad, etc. | traduit de l'ouvrage anglais, deuxième edition, de Nich. Wood ... par F. de Montricher et E. de Franqueville, et H. de Ruolz. |
| 260 ## - PUBLICACIÓN, DISTRIBUCIÓN, ETC. | |
| Lugar de publicación, distribución, etc. | Paris : |
| Nombre del editor, distribuidor, etc. | Carilian-Goeury, |
| Fecha de publicación, distribución, etc. | 1834 ( |
| Fabricante | Imprimerie et Fonderie de Fain) |
| 300 ## - DESCRIPCIÓN FÍSICA | |
| Extensión | XII, 300 p. ; |
| Dimensiones | 26 cm. |
| 650 #4 - PUNTO DE ACCESO ADICIONAL DE MATERIA--TÉRMINO DE MATERIA | |
| Término de materia o nombre geográfico como elemento de entrada | Ferrocarriles- |
| Subdivisión geográfica | Castilla-La Mancha. |
| 9 (RLIN) | 158115 |
| 852 ## - LOCALIZACIÓN | |
| Ubicación | ES-MaACL |
| Número de control de estantería | G-10384-85 |
| Nota libre | -- Enc. hol. |
| Encuadernación | -- Edic.: Son 2 v. , texto y atlas |
| Estatus retirado | Estado de pérdida | Estado de daño | No para préstamo | Colección | Biblioteca de origen | Biblioteca actual | Ubicación en estantería | Fecha de adquisición | Total de préstamos | Signatura topográfica completa | Código de barras | Visto por última vez | Precio de reemplazo | Tipo de ítem Koha |
|---|---|---|---|---|---|---|---|---|---|---|---|---|---|---|
| Libros del s. XIX | Biblioteca del Ateneo de Madrid | Biblioteca del Ateneo de Madrid | Sala Pecera Planta 3 | 17/01/2008 | G-10384-85 | 1176250 | 23/02/2023 | 23/02/2023 | Libro impreso antiguo |
